| 000 | 02081nam a22002777a 4500 | ||
|---|---|---|---|
| 008 | 151029b xxu||||| |||| 00| 0 eng d | ||
| 020 | _a9781416598060 | ||
| 050 |
_aE901.1.O23 _b C67 2008 |
||
| 100 | _a Corsi, Jerome R. | ||
| 245 |
_a The Obama nation : _b leftist politics and the cult of personality / _c Jerome R. Corsi. |
||
| 250 | _a1st Threshold Editions hardcover ed. | ||
| 260 |
_a New York : _b Threshold Editions/Simon & Schuster, _c 2008. |
||
| 300 |
_a xvi, 364 p. ; _c _b 25 cm. |
||
| 500 | _a Includes bibliographical references and index. | ||
| 520 | _a Barack Obama stepped onto the national political stage when the then-Illinois State senator addressed the 2004 Democratic National Convention. Soon after Obama was elected to the U.S. Senate, author Jerome Corsi began researching Obama's personal and political background. This book is the result of that research. By tracing Obama's career and influences from his early years in Hawaii and Indonesia, the beginnings of his political career in Chicago, his voting record in the Illinois legislature, his religious training and his adoption of Christianity through to his recent involvement in Kenyan politics, his political advisors and fundraising associates and his meteoric campaign for president, Corsi shows that an Obama presidency would, in his words, be "a repeat of the failed extremist politics that have characterized and plagued Democratic Party politics since the late 1960s."--From publisher description. | ||
| 600 | _b Obama, Barack Political and social views. | ||
| 600 | _b Obama, Barack Public opinion. | ||
| 600 | _b Obama, Barack Influence. | ||
| 650 |
_2This title is also available as an eBook. _a Personality _x Political aspects _z United States. |
||
| 650 |
_a Public opinion _z United States. |
||
| 650 |
_a Presidents _xElection _y 2008. _zUnited States |
||
| 650 | _a Right and left (Political science) | ||
| 650 |
_a Left-wing extremists _z United States. |
||
| 651 | _e United States Politics and government 2001-2009. | ||
| 942 |
_2lcc _cBK |
||
| 999 |
_c45301 _d45301 |
||